Normal view
MARC view
- Novel, urdu adab
Entry Topical Term
001 - CONTROL NUMBER
- control field: 51840
003 - CONTROL NUMBER IDENTIFIER
- control field: NUST
005 - DATE AND TIME OF LATEST TRANSACTION
- control field: 20210314135102.0
008 - FIXED-LENGTH DATA ELEMENTS
- fixed length control field: 210314|| aca||aabn | a|a d
040 ## - CATALOGING SOURCE
- Original cataloging agency: NUST
- Transcribing agency: NUST
150 ## - HEADING--TOPICAL TERM
- Topical term or geographic name entry element: Novel, urdu adab
- Topical term following geographic name entry element: urdu books
670 ## - SOURCE DATA FOUND
- Source citation: Work cat.: (NUST): Ahmad, Nimra 51839, نمل یکجا, 2017.
